Čo hovorí experimentálna ekonómia praktickej politike

Formulovanie trhových politík Vernonom Smithom v oblasti trhu s elektrickou energiou, v kozmonautike, v leteckej doprave. Využitie Smithových trhových politík v praxi, ich výhody. Smith a Kahneman ako tvorcovia novej vednej disciplíny - neuroekonómie.

Salvato in:
Dettagli Bibliografici
Autore principale: Baláž, Vladimír
Natura: Capitolo di libro
Lingua:slovacco
Soggetti:
Tags: Aggiungi Tag
Nessun Tag, puoi essere il primo ad aggiungerne!!

MARC

LEADER 00000naa$a2200000$$$4500
001 0002277
005 20230925124115.3
041 0 |a slo 
044 |a SK 
245 1 0 |a Čo hovorí experimentálna ekonómia praktickej politike  |c aut. Vladimír Baláž 
520 |a Formulovanie trhových politík Vernonom Smithom v oblasti trhu s elektrickou energiou, v kozmonautike, v leteckej doprave. Využitie Smithových trhových politík v praxi, ich výhody. Smith a Kahneman ako tvorcovia novej vednej disciplíny - neuroekonómie. 
610 2 0 |a dejiny myslenia ekonomického 
610 2 0 |a teórie ekonomické 
610 2 0 |a ekonómia politická klasická 
610 2 0 |a experimenty 
610 2 0 |a trh voľný 
610 2 0 |a mechanizmus trhový 
610 2 0 |a výskum ekonomický 
610 2 0 |a energia elektrická 
100 1 |a Baláž, Vladimír